Nervous System (Record no. 463)

000 -LEADER
fixed length control field 00615nam a22002417a 4500
003 - CONTROL NUMBER IDENTIFIER
control field OSt
005 - DATE AND TIME OF LATEST TRANSACTION
control field 20210420061950.0
008 - FIXED-LENGTH DATA ELEMENTS--GENERAL INFORMATION
fixed length control field 201126b1985 ||||| |||| 00| 0 eng d
020 ## - INTERNATIONAL STANDARD BOOK NUMBER
International Standard Book Number 0874888534
040 ## - CATALOGING SOURCE
Transcribing agency DLC
041 ## - LANGUAGE CODE
Language code of text/sound track or separate title eng
080 ## - UNIVERSAL DECIMAL CLASSIFICATION NUMBER
Universal Decimal Classification number 616.8
Item number R-80
100 ## - MAIN ENTRY--PERSONAL NAME
9 (RLIN) 384
Personal name Ross,R.T
245 ## - TITLE STATEMENT
Title Nervous System
250 ## - EDITION STATEMENT
Edition statement Second Edition
260 ## - PUBLICATION, DISTRIBUTION, ETC.
Place of publication, distribution, etc. New york
Name of publisher, distributor, etc. Medical exsamination publishing co
Date of publication, distribution, etc. 1985
300 ## - PHYSICAL DESCRIPTION
Extent 274
650 #0 - SUBJECT ADDED ENTRY--TOPICAL TERM
9 (RLIN) 100
Topical term or geographic name entry element Neurology
653 ## - INDEX TERM--UNCONTROLLED
Uncontrolled term ნევროლოგია
653 ## - INDEX TERM--UNCONTROLLED
Uncontrolled term ნერვული სისტემა
710 ## - ADDED ENTRY--CORPORATE NAME
9 (RLIN) 385
Corporate name or jurisdiction name as entry element Ross,R.T
942 ## - ADDED ENTRY ELEMENTS (KOHA)
Source of classification or shelving scheme
Koha item type Books
Holdings
Withdrawn status Lost status Source of classification or shelving scheme Damaged status Not for loan Permanent location Current location Date acquired Inventory number Total Checkouts Full call number Barcode Date last seen Price effective from Koha item type
          Ken Walker International University Ken Walker International University 11/26/2020 158   616.8 R-80 158 11/26/2020 11/26/2020 Books

Powered by Koha